00605 2200205 4500001002100000005001700021008004100038020002200079035002400101040001200125082001000137090001800147100002900165245007800194260003100272300003000303650002900333850001200362990002500374YOGYA-1011000000058320111031190338.0 ind  a978-979-012-194-2 0010-101100000000584 aYOPDYOG a745.5 aT 745.5 Pra R aPRASTIWI, Kharisma Widia aRecycle bottle:ragam kreasi limbah botol plastikcKharisma Widia Prastiwi aSurabayabTiara Aksac2010 a64hlmbilusc21cm [3 eks] aKerajinan tangan-plastik aYOPDYOG a1647-1649-PD/B.11b3